Rikuun : kokutetsu shitetsu nittsū basu takushī /

Saved in:
Bibliographic Details
Main Author: Tsurumi, Katsuo, 1913-
Other Authors: Takamiya, Susumu, 1908-
Format: Book
Language:Japanese
Published: Tōkyō : Yūhikaku, 1960.
Series:"Nihon no sangyō" shirīzu ; 6.
Subjects:
Tags: Add Tag
No Tags, Be the first to tag this record!
LEADER 01293nam a2200337 i 4500
001 007779340-4
005 20024617115958.0
008 890711s1960 ja a 000 0 jpn
010 |a j 62000720 /L 
035 0 |a ocm23326399 
040 |a DLC  |c MiU  |d OCoLC  |d *YNH*  |d CStRLIN 
043 |a a-ja--- 
050 0 0 |a HE151  |b .T76 
100 1 |6 880-01  |a Tsurumi, Katsuo,  |d 1913- 
245 1 0 |6 880-02  |a Rikuun :  |b kokutetsu shitetsu nittsū basu takushī /  |c Tsurumi Katsuo cho ; Takamiya Susumu, Inaba Hidezō kanshū. 
260 |6 880-03  |a Tōkyō :  |b Yūhikaku,  |c 1960. 
300 |a 214 p. :  |b ill. ;  |c 18 cm. 
490 1 |6 880-04  |a "Nihon no sangyō" shirīzu ;  |v 6 
650 0 |a Transportation  |z Japan. 
650 0 |a Railroads  |z Japan. 
650 0 |a Transportation, Automotive  |z Japan. 
700 1 |6 880-05  |a Takamiya, Susumu,  |d 1908- 
880 1 |6 100-01  |a 鶴見勝男,  |d 1913- 
880 1 0 |6 245-02  |a 陸運 :  |b 国鉄・私鉄・日通・バス・タクシー /  |c 鶴見勝男著; 高宮晋・稲葉秀三監修. 
880 |6 260-03  |a 東京 :  |b 有斐閣,  |c 1960. 
880 1 |6 490-04  |a 日本の産業シリーズ ;  |v 6 
880 1 |6 700-05  |a 高宮晋,  |d 1908- 
830 0 |6 880-54  |a "Nihon no sangyō" shirīzu ;  |v 6. 
880 0 |6 830-54  |a 日本の産業シリーズ ;  |v 6. 
988 |a 20021214 
906 |0 DLC